| 000 | 00585ntaaa2200217 4500 | ||
|---|---|---|---|
| 003 | 01 | ||
| 005 | 20251027200619.0 | ||
| 008 | 0714s1973 ag 01 | ||
| 020 | _a9505821417 | ||
| 040 |
_aAR-BaBN _bspa _cAR-BaBN _eaacr _dRIC |
||
| 082 | _a362.84 Z1n | ||
| 100 |
_aZalba, Serapio Richard _92056 |
||
| 245 |
_aEl nino maltratado / _cSerapio Richard Zalba, |
||
| 250 | _a1 ed. | ||
| 260 |
_aBuenos Aires : _bHumanitas, _c1986 |
||
| 300 |
_a68 p ; _c17,5 cm |
||
| 500 | _aBibligorafia: p. (entre 42 y 43) | ||
| 650 | _aServicio Social | ||
| 650 | _aNinos-Asistencia Social | ||
| 942 | _cBK | ||
| 999 |
_c800 _d800 |
||